| 000 | 00738nam a22002297a 4500 | ||
|---|---|---|---|
| 003 | KOHA_MİRAKIL | ||
| 005 | 20260416065857.0 | ||
| 008 | 260416b tu ||||| |||| 00| 0 tur d | ||
| 020 | _a9786057331533 | ||
| 040 |
_aTR-AnABB _btur _cTR-AnABB |
||
| 041 | _atur | ||
| 082 |
_a303.4832 _bKNO 2022 |
||
| 100 | 1 | _aKnoflacher, Hermann | |
| 245 | 1 | 0 |
_aOtomobil virüsü : _bbir yıkımın hikayesi / _cHermann Knoflacher ; çeviri : Serin Erengezgin |
| 250 | _a1. baskı | ||
| 260 |
_aAnkara : _bİdealkent Yayınları, _c2022 |
||
| 300 |
_a223 sayfa ; _c20 cm |
||
| 650 | 0 | 4 | _aUlaşım teknolojilerinin sosyolojik etkileri |
| 650 | 0 | 4 | _aTeknolojik determinizm |
| 900 | _bCan ÇELIK | ||
| 942 |
_2ddc _cBK |
||
| 999 |
_c10278 _d10278 |
||